Diesel common rail and advanced fuel injection systems / (Record no. 33152)

000 -LEADER
fixed length control field 01164cam a22003013a 4500
001 - CONTROL NUMBER
control field 13960158
003 - CONTROL NUMBER IDENTIFIER
control field OSt
005 - DATE AND TIME OF LATEST TRANSACTION
control field 20211101104452.0
008 - FIXED-LENGTH DATA ELEMENTS--GENERAL INFORMATION
fixed length control field 050510s2005 paua 000 0 eng d
010 ## - LIBRARY OF CONGRESS CONTROL NUMBER
LC control number 2005927223
020 ## - INTERNATIONAL STANDARD BOOK NUMBER
International Standard Book Number 0768012570
035 ## - SYSTEM CONTROL NUMBER
System control number (OCoLC)ocm63681071
038 ## - RECORD CONTENT LICENSOR
Staff Name Khadija
040 ## - CATALOGING SOURCE
Original cataloging agency PVA
Transcribing agency PVA
Modifying agency DLC
050 00 - LIBRARY OF CONGRESS CALL NUMBER
Classification number MLCM 2006/40839 (T)
082 ## - DEWEY DECIMAL CLASSIFICATION NUMBER
Classification number 621.436
Author Mark DIN
100 1# - MAIN ENTRY--PERSONAL NAME
Personal name Dingle, Philip J. G.
9 (RLIN) 83583
245 00 - TITLE STATEMENT
Title Diesel common rail and advanced fuel injection systems /
Statement of responsibility, etc. Philip J. G. Dingle, Ming-Chia D. Lai.
260 ## - PUBLICATION, DISTRIBUTION, ETC.
Place of publication, distribution, etc. Warrendale, PA :
Name of publisher, distributor, etc. Society of Automotive Engineers, Inc.,
Date of publication, distribution, etc. c2005.
300 ## - PHYSICAL DESCRIPTION
Extent 137 p. :
Other physical details ill. ;
Dimensions 28 cm.
504 ## - BIBLIOGRAPHY, ETC. NOTE
Bibliography, etc. note Includes bibliographical references:p. 127-135.
563 ## - BINDING INFORMATION
Binding note PB
650 #0 - SUBJECT ADDED ENTRY--TOPICAL TERM
Topical term or geographic name entry element Diesel motor
General subdivision Fuel systems.
9 (RLIN) 55956
700 1# - ADDED ENTRY--PERSONAL NAME
Personal name Lai, Ming-Chia
9 (RLIN) 83584
906 ## - LOCAL DATA ELEMENT F, LDF (RLIN)
a 7
b cbc
c copycat
d 2
e ncip
f 20
g y-gencatlg
942 ## - ADDED ENTRY ELEMENTS (KOHA)
Source of classification or shelving scheme
Koha item type Book
Holdings
Withdrawn status Lost status Source of classification or shelving scheme Damaged status Not for loan Permanent Location Current Location Shelving location Date acquired Full call number Barcode Date last seen Price effective from Koha item type
          School of Mechanical & Manufacturing Engineering (SMME) School of Mechanical & Manufacturing Engineering (SMME) General Stacks 01/01/2016 621.436 DIN SMME-1933 03/29/2018 01/01/2016 Book
© 2023 Central Library, National University of Sciences and Technology. All Rights Reserved.